Vybrané problémy zmluvného systému de lege lata a de lege ferenda

Rekodifikácia slovenského občianskeho práva a faktory, ktoré ju ovplyvňujú. Monistický vs. dualistický systém. Súčasnosť a budúcnosť integrácie komunitárneho práva, najmä v oblasti ochrany spotrebiteľa. Vybrané problémy všeobecného záväzkového práva. Pomenované zmluvné typy. Darovanie a obstarávateľ...

Descrizione completa

Salvato in:
Dettagli Bibliografici
Autore principale: Jurčová, Monika
Natura: Capitolo di libro
Lingua:slovacco
Soggetti:
Tags: Aggiungi Tag
Nessun Tag, puoi essere il primo ad aggiungerne!!

MARC

LEADER 00000naa$a2200000$$$4500
001 0071439
005 20231102091917.6
041 0 |a slo 
044 |a SK 
245 1 0 |a Vybrané problémy zmluvného systému de lege lata a de lege ferenda  |c Monika Jurčová 
520 |a Rekodifikácia slovenského občianskeho práva a faktory, ktoré ju ovplyvňujú. Monistický vs. dualistický systém. Súčasnosť a budúcnosť integrácie komunitárneho práva, najmä v oblasti ochrany spotrebiteľa. Vybrané problémy všeobecného záväzkového práva. Pomenované zmluvné typy. Darovanie a obstarávateľské zmluvy de lege ferenda. Pojem "služba". Kontinuita. 
610 2 0 |a právo komunitárne 
610 2 0 |a Slovensko 
610 2 0 |a zákonník občiansky 
610 2 0 |a ochrana spotrebiteľa 
610 2 0 |a právo záväzkové 
610 2 0 |a právo občianske 
100 1 |a Jurčová, Monika